Cultura hispánica (Registro nro. 17250)

Detalles MARC
000 -CABECERA
Longitud fija campo de control 00705nam a22001937a 4500
003 - IDENTIFICADOR DELl NÚMERO DE CONTROL
Identificador del número de control OSt
005 - FECHA Y HORA DE LA ÚLTIMA TRANSACCIÓN
Fecha y hora de la última transacción 20150130143926.0
008 - CÓDIGOS DE INFORMACIÓN DE LONGITUD FIJA
Códigos de información de longitud fija 150110b xxu||||| |||| 00| 0 eng d
040 ## - FUENTE DE LA CATALOGACIÓN
Centro transcriptor BMC
082 ## - NÚMERO DE LA CLASIFICACIÓN DECIMAL DEWEY
Númeroo de clasificación 972.8423
245 00 - MENCIÓN DE TÍTULO
Título Cultura hispánica
Resto del título : [órgano de divulgación del Instituto Salvadoreño de Cultura Hispánica]
Mención de responsabilidad, etc. redactores, Guillermo Antonio Cortes y Luis Gallegos Váldes
260 ## - PUBLICACIÓN, DISTRIBUCIÓN, ETC. (PIE DE IMPRENTA)
Lugar de publicación, distribución, etc. San Salvador
Nombre del editor, distribuidor, etc. Instituto Salvadoreño de Cultura Hispánica
Fecha de publicación, distribución, etc. 1967
300 ## - DESCRIPCIÓN FÍSICA
Extensión 142 p.
Dimensiones 19 cm
505 ## - NOTA DE CONTENIDO CON FORMATO
Título (R ) Tít. tomado de la cub.
651 24 - PUNTO DE ACCESO ADICIONAL DE MATERIA - NOMBRE GEOGRÁFICO
Nombre geográfico San Salvador (El Salvador)
Subdivisión de materia general Descripción
9 (RLIN) 9442
700 1# - PUNTO DE ACCESO ADICIONAL - NOMBRE DE PERSONA
9 (RLIN) 9390
Nombre de persona Gallegos Valdés, Luis
700 1# - PUNTO DE ACCESO ADICIONAL - NOMBRE DE PERSONA
9 (RLIN) 30073
Nombre de persona Cortes, Guillermo Antonio
942 ## - ENTRADA DE ELEMENTOS AGREGADOS (KOHA)
Fuente de clasificaión o esquema Dewey Decimal Classification
Koha [por defecto] tipo de item 1- Monografias
Existencias
Suprimido Perdido Fuente de clasificación o esquema Estropeado Restricciones de uso No para préstamo Código de colección Localización permanente Localización actual Localización en estanter&íacute;as Fecha adquisición Fuente de adquisición Número de inventario Préstamos totales Signatura completa Código de barras Fecha última consulta Fecha del precio de reemplazo Tipo de item de Koha
NULL NULL Dewey Decimal Classification NULL Prestable NULL NULL Biblioteca Miguel de Cervantes - UNICAES Biblioteca Miguel de Cervantes - UNICAES Sala Principal 13/01/2015 Donación - Mayorga Rivas 026681   972.8423 CUL 1027091 13/01/2015 13/01/2015 1- Monografias